000 00484nam a2200181Ia 4500
008 240925s9999 xx 000 0 und d
020 _a9788177000313
082 _a620.3222 SIN
100 _aSingh, V. P.
245 0 _aMechanical Vibrations: a modern approach
250 _a3rd
260 _aNew Delhi:
_bDhanpat Rai & Co.
_c,2011.
300 _axxii,1300p.
_b0
_fOriginal
500 _aIncludes Index
600 _aElectrical Engineering
650 _aTechnology
942 _cBK
999 _c12489
_d12489